[Event "ESP-chT"]
[Site "Barcelona"]
[Date "2000.08.13"]
[Round "9"]
[White "Fernandez, Eric"]
[Black "Schmidt, Jan Peter"]
[Result "1-0"]
[WhiteElo "2277"]
[BlackElo "2315"]
[PlyCount "57"]
[EventDate "2000.08.05"]
[EventType "team"]
[EventRounds "9"]
[EventCountry "ESP"]
[SourceTitle "CBM 077 Extra"]
[Source "ChessBase"]
[SourceDate "2000.09.14"]
[SourceVersion "1"]
[SourceVersionDate "2000.09.14"]
[SourceQuality "1"]

1. e4 d6 2. d4 Nf6 3. Nc3 g6 4. f4 Bg7 5. Nf3 c5 6. Bb5+ Bd7 7. e5 Ng4 8. Bxd7+ Qxd7 9. d5 dxe5 10. h3 e4 11. Nxe4 Nf6 12. Nxf6+ Bxf6 13. 0-0 0-0 14. Be3 Qc7 15. Ne5 Nd7 16. Ng4 Bxb2 17. Rb1 Bg7 18. f5 Nf6 19. c4 Nxg4 20. Qxg4 b6 21. h4 h5 22. Qf3 Bd4 23. Bxd4 cxd4 24. Qd3 Kh7 25. Rbe1 Qd6 26. fxg6+ Qxg6 27. Rf5 Kh6 28. Qd2+ Kh7 29. Rg5 1-0

[Event "ESP-chT"]
[Site "Barcelona"]
[Date "2000.08.07"]
[Round "3"]
[White "Fernandez, Eric"]
[Black "Martin Ojeda, Juan Manuel"]
[Result "1-0"]
[WhiteElo "2277"]
[BlackElo "2225"]
[PlyCount "73"]
[EventDate "2000.08.05"]
[EventType "team"]
[EventRounds "9"]
[EventCountry "ESP"]
[SourceTitle "CBM 077 Extra"]
[Source "ChessBase"]
[SourceDate "2000.09.14"]
[SourceVersion "1"]
[SourceVersionDate "2000.09.14"]
[SourceQuality "1"]

1. e4 e6 2. d4 d5 3. Nd2 a6 4. Ngf3 Nf6 5. e5 Nfd7 6. c3 c5 7. Bd3 Nc6 8. 0-0 g5 9. g4 Be7 10. Re1 b5 11. Nf1 h6 12. Ng3 cxd4 13. cxd4 Qb6 14. Be3 Bb7 15. Rc1 0-0-0 16. a4 b4 17. Nd2 Kb8 18. Nb3 Rc8 19. Qe2 Na5 20. Nd2 Ka8 21. Rxc8+ Rxc8 22. f3 f6 23. exf6 Bxf6 24. Qf2 b3 25. Ne2 Qb4 26. Ra1 Bxd4 27. Nxd4 e5 28. Bf5 exd4 29. Bxd4 Nc4 30. Bc3 Qd6 31. Nxb3 Rf8 32. Nd4 Nc5 33. Bb4 Qb6 34. Nb5 Nb3 35. Qxb6 Nxb6 36. Ra3 axb5 37. axb5+ 1-0

[Event "Santa Clara Cup"]
[Site "Santa Clara"]
[Date "1999.??.??"]
[Round "?"]
[White "Fernandez, Eric"]
[Black "Quesada Perez, Yuniesky"]
[Result "0-1"]
[WhiteElo "2247"]
[BlackElo "2211"]
[PlyCount "80"]
[EventDate "1999.??.??"]
[EventType "swiss"]
[EventRounds "11"]
[EventCountry "CUB"]
[SourceTitle "EXT 2003"]
[Source "ChessBase"]
[SourceDate "2002.11.25"]
[SourceVersion "1"]
[SourceVersionDate "2002.11.25"]
[SourceQuality "1"]

1. e4 c5 2. Nf3 d6 3. d4 cxd4 4. Nxd4 Nf6 5. Nc3 a6 6. Bg5 e6 7. f4 Qb6 8. Nb3 Be7 9. Qf3 Nbd7 10. 0-0-0 Qc7 11. Bd3 b5 12. a3 Bb7 13. Rhe1 h6 14. Bh4 g5 15. Bg3 gxf4 16. Bxf4 Ne5 17. Bxe5 dxe5 18. Na2 Rg8 19. Kb1 Qb6 20. g3 Bc6 21. Qe3 Qxe3 22. Rxe3 Ng4 23. Re2 f5 24. Na5 Bxe4 25. Bxe4 fxe4 26. Nc3 e3 27. Rf1 b4 28. Ne4 bxa3 29. b3 Rd8 30. Nc4 Rd4 31. Nc3 Bb4 32. Nd1 Re4 33. Ndxe3 Rf8 34. Rxf8+ Kxf8 35. h3 Nxe3 36. Rxe3 Rxe3 37. Nxe3 e4 38. Nc4 Bc5 39. Ne5 Ke8 40. c3 e3 0-1

[Event "Matanzas Copa Nacional"]
[Site "Matanzas"]
[Date "1999.??.??"]
[Round "2"]
[White "Gonzalez Mesa, Daniel"]
[Black "Fernandez, Eric"]
[Result "0-1"]
[WhiteElo "2090"]
[BlackElo "2247"]
[PlyCount "94"]
[EventDate "1999.??.??"]
[EventType "tourn"]
[EventRounds "12"]
[EventCountry "CUB"]
[SourceTitle "EXT 2000"]
[Source "ChessBase"]
[SourceDate "1999.11.16"]
[SourceVersion "1"]
[SourceVersionDate "1999.11.16"]
[SourceQuality "1"]

1. e4 c5 2. Nf3 d6 3. d4 cxd4 4. Nxd4 Nf6 5. Nc3 a6 6. f4 Qc7 7. Bd3 g6 8. Qe2 Nbd7 9. Nf3 Bg7 10. 0-0 e5 11. Kh1 0-0 12. a4 b6 13. Nh4 Bb7 14. f5 d5 15. Bg5 d4 16. Nd1 Qc6 17. Nf2 Nc5 18. Rfe1 Rac8 19. a5 b5 20. Qd2 Rc7 21. Bh6 Nxd3 22. cxd3 Qc2 23. Rec1 Qxd2 24. Bxd2 Rfc8 25. Rxc7 Rxc7 26. Rc1 Rxc1+ 27. Bxc1 Bf8 28. fxg6 hxg6 29. Nf3 Nd7 30. Ng4 f6 31. Bd2 Kf7 32. b4 Nb8 33. Nf2 Nc6 34. g4 Bxb4 35. Bxb4 Nxb4 36. g5 Bc8 37. Kg2 Nc6 38. gxf6 Kxf6 39. h4 Nxa5 40. Kf1 Nb3 41. Ke1 Be6 42. Kd1 a5 43. Kc2 a4 44. Nd2 Nxd2 45. Kxd2 Kg7 46. Nh1 Kh6 47. Ng3 b4 0-1

[Event "Matanzas Copa Nacional"]
[Site "Matanzas"]
[Date "1999.??.??"]
[Round "4"]
[White "Ortiz, Rafael"]
[Black "Fernandez, Eric"]
[Result "0-1"]
[WhiteElo "2031"]
[BlackElo "2247"]
[PlyCount "78"]
[EventDate "1999.??.??"]
[EventType "tourn"]
[EventRounds "12"]
[EventCountry "CUB"]
[SourceTitle "EXT 2000"]
[Source "ChessBase"]
[SourceDate "1999.11.16"]
[SourceVersion "1"]
[SourceVersionDate "1999.11.16"]
[SourceQuality "1"]

1. e4 c5 2. Nc3 d6 3. g3 Nc6 4. Bg2 g6 5. d3 Bg7 6. f4 e6 7. Nf3 Nge7 8. 0-0 0-0 9. Ne2 b6 10. c3 Ba6 11. Be3 Rc8 12. Bf2 Qd7 13. g4 f5 14. gxf5 exf5 15. Qd2 Rce8 16. Bh3 Qc7 17. Ng3 fxe4 18. Nxe4 Bc8 19. Bxc8 Nxc8 20. Bg3 Qd7 21. Rae1 Qg4 22. Kg2 Nd8 23. h3 Qd7 24. d4 cxd4 25. cxd4 Ne7 26. Nh4 Nf5 27. Nxf5 Qxf5 28. Nc3 Rxe1 29. Rxe1 Ne6 30. d5 Nxf4+ 31. Bxf4 Qxf4 32. Qxf4 Rxf4 33. Re7 Bxc3 34. bxc3 Ra4 35. Re2 Kf7 36. Kf3 Ra3 37. Rc2 Kf6 38. Ke4 Ra4+ 39. c4 b5 0-1